Cola (Record no. 45291)
[ view plain ]
| 000 -Etiqueta do registo | |
|---|---|
| Valores | 00727cam a2200217 04500 |
| 010 ## - Número ISBN | |
| ISBN | 9728736002 |
| 021 ## - Número do Depósito Legal | |
| Número | 176016/02 |
| 100 ## - Dados gerais de processamento | |
| Dados gerais | 20030319d2002 m y0pory5003 ba |
| 101 0# - Língua de publicação | |
| Língua | eng |
| 102 ## - País de publicação | |
| País | PT |
| 200 1# - Titulo e menção de responsabilidade | |
| Título próprio | Cola |
| Informação de outro título | archaeological circuit |
| Primeira menção de responsabilidade | Instituto Português do Património Arquitectónico |
| 210 #9 - Publicação | |
| Local de publicação | Lisboa |
| Nome do editor | Instituto Português do Património Arquitectónico |
| Data de publicação | cop. 2002 |
| 215 ## - Descrição física | |
| Paginação / Volumes | 73, [2] p. a 2 colns |
| Outras indicações físicas | il. |
| Dimensões | 25 cm |
| 225 2# - Colecção | |
| Título próprio da colecção | Roteiros da Arquelogia Portuguesa |
| Indicação de volume | 8 |
| 607 ## - | |
| Palavra de ordem | Castro da Cola (Concelho de Ourique , Portugal: loc. ant.) |
| 675 ## - CDU | |
| Notação | 903(459.52) |
| 710 01 - Autor entidade principal | |
| Nome da entidade | Portugal. |
| Subdivisão | Instituto Português do Património Arquitectónico |
| 801 ## - Fonte de origem | |
| País | PT |
| Regras de catalogação | RPC |
| 990 ## - Elementos KOHA | |
| Tipo de documento | Livro |
| Aquisição | Empréstimo | Código de barras | Cota | Permissão de empréstimo | Tipo de documento |
|---|---|---|---|---|---|
| Biblioteca Municipal de Redondo | Biblioteca Municipal de Redondo | 056016 | 902 INS | Livro |